000 00670nam a2200241Ia 4500
003 OSt
005 20220918230712.0
006 a|||||r|||| 00| 0
007 ta
008 220917b |||||||| |||| 00| 0 eng d
024 _a257,374
037 _cTextual
040 _aARTS
_cARTS
_beng
041 _2eng
_aeng
082 _aX9J:8.6.N7, L3
100 _aUpton Martin
_991241
245 0 _aFarm management in Africal
_b principles of production and planning
260 _aLondon
_bOxford University Press
_c1973
300 _a335p.
_ccm.
650 _aECONOMICS
942 _hX9J:8.6.N7, L3
_cTEXL
_2CC
999 _c288709
_d288709